Emlékezés Csúri Mihályra

Elmentve itt :
Bibliográfiai részletek
Szerző: Serfőző Zoltán
Dokumentumtípus: Cikk
Megjelent: 1982-03-14
Sorozat:Délmagyarország 72 No. 62
Kulcsszavak:Csúri Mihály
Online Access:http://dmarchiv.bibl.u-szeged.hu/93023
LEADER 00453nab a2200157 i 4500
001 delm93023
005 20190624144709.0
008 190624s1982 hu o 0|| hun d
040 |a SZTE Délmagyarország Archívum  |b hun 
041 |a hun 
100 1 |a Serfőző Zoltán 
245 1 0 |a Emlékezés Csúri Mihályra  |h [elektronikus dokumentum] /  |c  Serfőző Zoltán 
260 |c 1982-03-14 
300 |a 5 
490 0 |a Délmagyarország  |v 72 No. 62 
695 |a Csúri Mihály